| 000 | 00430nam a2200169Ia 4500 | ||
|---|---|---|---|
| 008 | 230711s9999||||xx |||||||||||||| ||und|| | ||
| 020 | _a978-81-265-3859-1 | ||
| 041 | _aENG | ||
| 082 |
_a624.176 _bHO-E |
||
| 100 | _aHosur,Vinod | ||
| 245 | 0 | _aEarthquake-resistant design of building structures | |
| 250 | _a1st Ed. | ||
| 260 |
_c2014 _aNew Delhi _bWiley & Sons |
||
| 300 | _a276p. | ||
| 650 | _aCivil Engineering | ||
| 942 | _cBK | ||
| 999 |
_c5869 _d5869 |
||